|
|
|
|
| LEADER |
00000cam a2200000 7i4500 |
| 001 |
0000002958 |
| 005 |
20040323.0 |
| 020 |
0 |
0 |
|a 9837014093
|
| 090 |
0 |
0 |
|a 363.19
|b MAL 2000
|
| 110 |
1 |
0 |
|a MALAYSIA
|c Department of Occupational Safety and Health
|
| 245 |
1 |
0 |
|a Assessment of the health risks arising from the use of hazardous chemicals in the workplace :
|b (a manual of recommended practice)
|
| 250 |
0 |
0 |
|a 2nd ed.
|
| 260 |
0 |
0 |
|a Bangi :
|b Jabatan Keselamatan dan Kesihatan Pekerjaan Malaysia ,
|c 2000
|
| 300 |
|
|
|a 70 p. ;
|c 25 cm.
|
| 650 |
0 |
0 |
|a Hazardous substances
|
| 650 |
0 |
0 |
|a Occupational safety
|
| 710 |
1 |
1 |
|a Malaysia ,
|c Jabatan Keselamatan dan Kesihatan Pekerjaan Malaysia
|
| 998 |
|
|
|a JPSM
|
| 999 |
|
|
|a 0000005233
|b Monograph
|c Open Shelf
|e Default branch
|